000 00883aab a22002054i 4500
001 768714001
003 CO-MdFUSB
005 20240530101452.0
008 170508s1992 cr ||||| |||| 00| 0 spa d
040 _aCO-MdFUSB
_bspa
_cCO-MdFUSB
_dCO-MdFUSB
041 _aspa
100 1 _aGerig, Donaldo
_eautor
245 1 0 _a¿Estamos trabajando en exceso o el problema es otro?
_c/ Donaldo Gerig
300 _aVolumen 10, número 1 (1992), páginas 6-10
_c: 27 cm.
520 _aLa ocupación habitual puede ser más un estado mental que una realidad. "La solución no es simplemente realizar menos trabajo. Más bien es alinear nuestras expectativas con la realidad a través de la planificación sabia"
650 7 _9227
_aTeología pastoral
773 0 _tApuntes Pastorales
_049442
_960137
_gVolumen 10. Número 1 (1992), páginas 6-10
_qPágina 6
942 _cANA
945 _aJTF-925
999 _c49727
_d49727